[Event "Hamburg-ch Seniors 22nd"]
[Site "Hamburg"]
[Date "2015.11.05"]
[Round "9"]
[White "Lohkamp, Rolf"]
[Black "Klausberger, Wolfgang"]
[Result "0-1"]
[WhiteElo "983"]
[BlackElo "1593"]
[PlyCount "62"]
[EventDate "2015.10.28"]
[EventType "swiss"]
[EventRounds "9"]
[EventCountry "GER"]
[SourceTitle "EXT 2018"]
[Source "ChessBase"]
[SourceDate "2017.10.13"]
[SourceVersion "1"]
[SourceVersionDate "2017.10.13"]
[SourceQuality "1"]

1. e4 d6 2. Nf3 Nf6 3. d3 g6 4. g3 Bg7 5. Bg2 0-0 6. Nc3 c6 7. d4 b5 8. Bg5 b4 9. Bxf6 exf6 10. Ne2 Re8 11. Nd2 Bb7 12. Nb3 Nd7 13. Qd2 a5 14. a4 c5 15. d5 Ne5 16. Qf4 Ba6 17. Nd2 Bxe2 18. Kxe2 c4 19. b3 c3 20. Nf3 Nxf3 21. Bxf3 f5 22. Rhe1 fxe4 23. Bg2 f5 24. Kf1 Re5 25. Rad1 Qb6 26. Qe3 Qxe3 27. Rxe3 Bh6 28. f4 exf3 29. Rxe5 fxg2+ 30. Kxg2 dxe5 31. d6 Bd2 0-1

[Event "Hamburg-ch Seniors 21st"]
[Site "Hamburg"]
[Date "2014.11.06"]
[Round "9"]
[White "Wagner, Wolfgang"]
[Black "Klausberger, Wolfgang"]
[Result "1/2-1/2"]
[WhiteElo "1365"]
[BlackElo "1507"]
[PlyCount "47"]
[EventDate "2014.10.29"]
[EventType "swiss"]
[EventRounds "9"]
[EventCountry "GER"]
[SourceTitle "EXT 2018"]
[Source "ChessBase"]
[SourceDate "2017.10.13"]
[SourceVersion "1"]
[SourceVersionDate "2017.10.13"]
[SourceQuality "1"]

1. e4 d6 2. d4 Nf6 3. Nc3 g6 4. h3 Bg7 5. Nf3 0-0 6. Bc4 c6 7. a4 b6 8. Bd3 Ba6 9. 0-0 Bxd3 10. Qxd3 Nbd7 11. Bf4 Nh5 12. Bh2 e5 13. g4 Nf4 14. Bxf4 exf4 15. Ne2 g5 16. Rad1 Re8 17. c3 Re6 18. Kg2 Qe7 19. Nd2 Nf6 20. f3 d5 21. e5 Nd7 22. c4 f6 23. cxd5 cxd5 24. Qb3 1/2-1/2

[Event "Hamburg Seniors-ch 20th"]
[Site "Hamburg"]
[Date "2013.10.30"]
[Round "1"]
[White "Emami, Madjid"]
[Black "Klausberger, Wolfgang"]
[Result "1-0"]
[WhiteElo "1935"]
[BlackElo "1459"]
[PlyCount "65"]
[EventDate "2013.10.30"]
[EventType "swiss"]
[EventRounds "9"]
[EventCountry "GER"]
[SourceTitle "EXT 2015"]
[Source "ChessBase"]
[SourceDate "2014.11.20"]
[SourceVersion "1"]
[SourceVersionDate "2014.11.20"]
[SourceQuality "1"]

1. Nf3 d6 2. d4 Nf6 3. Nbd2 g6 4. e4 Bg7 5. Bd3 0-0 6. 0-0 Nbd7 7. Re1 e5 8. c3 a5 9. Nf1 c6 10. h3 Qb6 11. Bc2 c5 12. d5 c4 13. b3 Qc5 14. Be3 Qc7 15. Qd2 b6 16. g4 Nc5 17. Ng3 cxb3 18. axb3 Nxg4 19. hxg4 Bxg4 20. Kg2 Qd7 21. Rh1 f5 22. exf5 gxf5 23. Ng5 e4 24. Rxh7 Bf3+ 25. Kg1 Rf6 26. Rh4 Rg6 27. b4 Na6 28. Nxf3 exf3 29. Qd3 Nc7 30. Qxf5 Qxf5 31. Bxf5 Rxg3+ 32. fxg3 Nxd5 33. Be6+ 1-0

[Event "Hannover-chA"]
[Site "Lehrte"]
[Date "2011.10.17"]
[Round "6"]
[White "Klausberger, Wolfgang"]
[Black "Mumm, Karen"]
[Result "1-0"]
[WhiteElo "1493"]
[BlackElo "1292"]
[PlyCount "85"]
[EventDate "2011.10.15"]
[EventType "tourn"]
[EventRounds "7"]
[EventCountry "GER"]
[SourceTitle "EXT 2021"]
[Source "ChessBase"]
[SourceDate "2020.10.23"]
[SourceVersion "1"]
[SourceVersionDate "2020.10.23"]
[SourceQuality "1"]

1. c4 c5 2. g3 g6 3. Bg2 Bg7 4. Nc3 Nc6 5. e4 Ne5 6. d3 d6 7. f4 Ng4 8. h3 N4f6 9. Nge2 e5 10. 0-0 Ne7 11. fxe5 dxe5 12. Bg5 Qb6 13. Qc2 h6 14. Bxf6 Bxf6 15. Rf2 0-0 16. Raf1 Bg7 17. b3 Bd7 18. g4 g5 19. Nd5 Nxd5 20. exd5 Qd6 21. Be4 h5 22. Bf5 h4 23. Rf3 Rae8 24. Nc3 Bxf5 25. Rxf5 e4 26. Nxe4 Bd4+ 27. Kh1 Rxe4 28. dxe4 Qg3 29. Qg2 Qe3 30. R5f2 Qc3 31. Rf3 Qa5 32. Rf5 f6 33. Qc2 Qd8 34. Re1 Qd6 35. Qg2 b6 36. Rf3 Qc7 37. Rd3 Qe5 38. Qh2 Kf7 39. Qxe5 fxe5 40. Rf1+ Ke7 41. Rxf8 Kxf8 42. Rf3+ Ke7 43. Rf5 1-0